<?xml version="1.0" encoding="UTF-8"?>
<record
    xmlns:xsi="http://www.w3.org/2001/XMLSchema-instance"
    xsi:schemaLocation="http://www.loc.gov/MARC21/slim http://www.loc.gov/standards/marcxml/schema/MARC21slim.xsd"
    xmlns="http://www.loc.gov/MARC21/slim">

  <leader>01550nam a2200205 a 4500</leader>
  <controlfield tag="008">011117t1979    ag  |||g |||| 000 1 spa d</controlfield>
  <datafield tag="020" ind1=" " ind2=" ">
    <subfield code="a">S/N</subfield>
  </datafield>
  <datafield tag="041" ind1=" " ind2=" ">
    <subfield code="a">spa</subfield>
  </datafield>
  <datafield tag="092" ind1=" " ind2=" ">
    <subfield code="c">808</subfield>
    <subfield code="l">46</subfield>
    <subfield code="s">KUR</subfield>
  </datafield>
  <datafield tag="100" ind1="1" ind2=" ">
    <subfield code="a">Kurteff, Aida</subfield>
    <subfield code="9">3529</subfield>
  </datafield>
  <datafield tag="245" ind1=" " ind2="4">
    <subfield code="a">Los araucanos en el misterio de los Andes /</subfield>
    <subfield code="c">Aida Kurteff</subfield>
  </datafield>
  <datafield tag="250" ind1=" " ind2=" ">
    <subfield code="a">1a ed.</subfield>
  </datafield>
  <datafield tag="260" ind1=" " ind2=" ">
    <subfield code="a">Buenos Aires:</subfield>
    <subfield code="b">Plus Ultra;</subfield>
    <subfield code="c">1979.</subfield>
  </datafield>
  <datafield tag="300" ind1=" " ind2=" ">
    <subfield code="a">157 p.</subfield>
  </datafield>
  <datafield tag="500" ind1=" " ind2=" ">
    <subfield code="a">Kurteff, A. (1979). Los araucanos en el misterio de los Andes. (1a ed.). Buenos Aires : Plus Ultra.
</subfield>
  </datafield>
  <datafield tag="505" ind1=" " ind2=" ">
    <subfield code="a">Los ind&#xED;genas de Am&#xE9;rica y sus culturas, n&#xE1;ufragos de la antig&#xFC;edad remota que sobreviven en el complejo de la civilizaci&#xF3;n contempor&#xE1;nea, convalidan el inter&#xE9;s por conocer qui&#xE9;nes son y qu&#xE9; fueron esos pueblos de enigm&#xE1;tico origen que habitaban milenariamente nuestras tierras y que hoy se nos aparecen como incrustaciones preciosas, singulares, dentro del enorme mosaico racial y cultural de Am&#xE9;rica. Con el presente volumen "Los araucanos en el misterio de los Andes", Aida Kurtelf -su autora- nos acerca al misterioso origen de estos antiguos pobladores que ocupaban gran parte del territorio chileno y de la Patagonia y en las pampas argentinas. Pero, sobre todo, es un intento por develarnos los caracteres esenciales -y originales- de la religi&#xF3;n araucana. Escrito en lenguaje fluido y ameno, interesar&#xE1; tanto a los estudiosos como al lector deseoso por conocer vida y costumbres de los ind&#xED;genas. </subfield>
  </datafield>
  <datafield tag="590" ind1=" " ind2=" ">
    <subfield code="a">Donaci&#xF3;n. Proyecto Literatura 4to libro</subfield>
  </datafield>
  <datafield tag="655" ind1=" " ind2=" ">
    <subfield code="a">Literatura</subfield>
    <subfield code="9">2917</subfield>
  </datafield>
  <datafield tag="942" ind1=" " ind2=" ">
    <subfield code="2">ddc</subfield>
    <subfield code="c">LIT</subfield>
  </datafield>
  <datafield tag="999" ind1=" " ind2=" ">
    <subfield code="c">2699</subfield>
    <subfield code="d">2699</subfield>
  </datafield>
  <datafield tag="952" ind1=" " ind2=" ">
    <subfield code="0">0</subfield>
    <subfield code="1">0</subfield>
    <subfield code="2">ddc</subfield>
    <subfield code="4">0</subfield>
    <subfield code="7">0</subfield>
    <subfield code="a">BFM</subfield>
    <subfield code="b">BFM</subfield>
    <subfield code="c">CR</subfield>
    <subfield code="d">2018-03-08</subfield>
    <subfield code="e">Donaci&#xF3;n Dr. Julio Arce, Marzo 2018.</subfield>
    <subfield code="l">2</subfield>
    <subfield code="m">1</subfield>
    <subfield code="o">808 46 KUR</subfield>
    <subfield code="p">4195</subfield>
    <subfield code="r">2022-09-28</subfield>
    <subfield code="s">2022-09-14</subfield>
    <subfield code="t">Ej. 1</subfield>
    <subfield code="w">2018-03-08</subfield>
    <subfield code="y">LIT</subfield>
    <subfield code="z">Proyecto 4to libro. Donaci&#xF3;n Dr. Julio Arce, Marzo 2018.</subfield>
  </datafield>
</record>
